| 000 | 00383nam a2200157Ia 4500 | ||
|---|---|---|---|
| 008 | 230917s9999||||xx |||||||||||||| ||und|| | ||
| 020 | _cRS150 | ||
| 040 |
_e1209 _aMAIN |
||
| 041 | _aEnglish | ||
| 082 | _a595.7 B97I | ||
| 100 | _aButani, Dhamo K | ||
| 245 | 0 | _aInsects in vegetables | |
| 260 |
_aDelhi _bPeriodical Expert Book Agency _c1984 |
||
| 300 | _aii, 356 p. | ||
| 942 | _cBK | ||
| 999 |
_c52574 _d52574 |
||